Les finalistes de la Fed Cup, Coupe King, depuis 1963 - Statistiques

Statistiques générales
  • Ce quiz a été pris 52 fois
  • Le résultat moyen est 105 sur 118
Statistiques - réponses
Année Pays % Correct
1997 | 2003 | 2019 Finaliste | Vainqueur France
98%
Finaliste Allemagne
95%
Finaliste | Vainqueur Allemagne de l'Ouest
95%
1963 | 1966 | 1967 | +15 others Finaliste | Vainqueur Etats-Unis
95%
Finaliste | Vainqueur Australie
93%
Finaliste | Vainqueur Espagne
93%
Finaliste | Vainqueur Russie
93%
2006 | 2009 | 2010 | 2013 Finaliste | Vainqueur Italie
90%
Finaliste Royaume-Uni
90%
2001 Finaliste | Vainqueur Belgique
83%
Finaliste | Vainqueur Suisse
83%
Finaliste Serbie
81%
2011 | 2012 | 2014 | +3 others Vainqueur Tchéquie
81%
Finaliste Pays-Bas
76%
Finaliste URSS
69%
2002 Vainqueur Slovaquie
64%
1975 | 1983 | 1984 | +2 others Finaliste | Vainqueur Tchécoslovaquie
64%
Finaliste Biélorussie
43%
1972 Finaliste | Vainqueur Afrique-du-Sud
31%
Aucun quiz correspondant
Distribution des résultats
% des personnes avec chaque résultat
Percentile par nombre de réponses
Votre historique - résultats
Vous n’avez pas pris ce quiz